000 00877nam a2200265 i 4500
001 66414
003 ES-MaACL
005 20250318063113.0
007 t|
008 020729s2002 sp ||||0| spa d
020 _a84-7669-570-5
040 _aM-BN
_bspa
_cM-BN
080 _a929 Gil de Biedma, Jaime (047.53)
100 0 _aGil de Biedma, Jaime,
_d1929-1990
_956787
245 1 0 _aConversaciones /
_cJaime Gil de Biedma ; edición y prólogo de Javier Pérez Escohotado.
250 _a1ª ed.
260 _aBarcelona :
_bEl Aleph,
_c2002.
300 _a271 p ;
_c23 cm.
490 1 _aPersonalia de El Aleph ;
_v27
600 1 4 _aGil de Biedma, Jaime-
_vEntrevistas.
_956791
700 0 _aPérez Escohotado, Javier,
_d1951-
_990843
830 0 _aPersonalia de El Aleph ;
_v27
_9183035
852 _aES-MaACL
_jL-26919
_bR.132513
999 _c66414
_d66414